Le Val-de-Marne en images - Statistiques

Statistiques générales
  • Ce quiz a été pris 134 fois
  • Le résultat moyen est 10 sur 18
Statistiques - réponses
Par images Hint Réponse % Correct
Aéroport Aéroport de Paris-Orly
98%
Entreprise Fnac
95%
Préfecture Créteil
93%
Cours d'eau (*) Seine
88%
Youtuber Squeezie
84%
Sportif Adrien Rabiot
77%
Chanteuse Vanessa Paradis
74%
Ville la plus peuplée Vitry-sur-Seine
73%
Bâtiment célèbre Château de Vincennes
64%
Sous-préfecture Nogent-sur-Marne
50%
Ville Alfortville
38%
Éducation École nationale vétérinaire d'Alfort
31%
Chanteur Bénabar
27%
Chanteuse Sheila
26%
Fédération sportive basée dans le département Fédération française de Volley
23%
Club sportif Stella Saint-Maur
22%
Restauration/Tourisme Guinguettes
18%
Musée Exploradôme
6%
Aucun quiz correspondant
Distribution des résultats
% des personnes avec chaque résultat
Percentile par nombre de réponses
Votre historique - résultats
Vous n’avez pas pris ce quiz